| 000 | 01535nam a2200241Ia 4500 | ||
|---|---|---|---|
| 999 |
_c52669 _d52669 |
||
| 001 | 19693 | ||
| 003 | GE_BSU | ||
| 005 | 20200326223647.0 | ||
| 008 | 181216s1965||||ge ||||||g||||||| ||geo|| | ||
| 040 | _cGE_BSU | ||
| 041 | _ageo | ||
| 080 | _a091(479.22) ქ-27 | ||
| 245 |
_aქართულ ხელნაწერთა აღწერილობა : _bყოფილი ქართველთა შორის წერა-კითხვის გამავრცელებელი საზოგადოების (S) კოლექციისა : ტ. 4 / _cშედგენილია და დასაბეჭდად დამზადებული თ. ბრეგაძის, ლ. კიკნაძის, მ. ქავთარიას, ლ. ქაჯაიას, მ. შანიძის, ქრ. შარაშიძის და ც. ჭანკიევის მიერ ; ე. მეტრეველის რედაქციით. |
||
| 264 |
_aთბილისი : _bმეცნიერება, _c1965. |
||
| 300 |
_a364 გვ. ; _c26 სმ. |
||
| 541 | _h4ლ.38თ. | ||
| 653 | _a ქართული ხელნაწერები | ||
| 653 | _aხელნაწერები | ||
| 700 |
_aმეტრეველი, ე. _eრედაქტორი _91788 |
||
| 710 |
_aსაქ. სსრ მეცნ. აკადემია _97805 |
||
| 710 |
_aხელნაწერთა ინსტიტუტი _97806 |
||
| 942 |
_cBK _2udc |
||